Энциклопедический словарь юного филолога(языкознание) (ბიბ.ჩანაწერი № 44334)
[ მარტივი ფორმატი ]
| 000 -LEADER | |
|---|---|
| fixed length control field | 00650nam a2200157Ia 4500 |
| 001 - CONTROL NUMBER | |
| control field | 11093 |
| 003 - CONTROL NUMBER IDENTIFIER | |
| control field | GE_BSU |
| 008 - FIXED-LENGTH DATA ELEMENTS--GENERAL INFORMATION | |
| fixed length control field | 181216s||||||||xx |||||||||||||| ||und|| |
| 040 ## - CATALOGING SOURCE | |
| Transcribing agency | GE_BSU |
| 245 ## - TITLE STATEMENT | |
| Title | Энциклопедический словарь юного филолога(языкознание) |
| 245 ## - TITLE STATEMENT | |
| Remainder of title | Для среднего и старшего возраста. |
| 245 ## - TITLE STATEMENT | |
| Statement of responsibility, etc. | Сост.Панов М.Б. Ред.колл.Степанов Г.В.(Гл.ред) Ашинин Ф.Д. и др. |
| 300 ## - PHYSICAL DESCRIPTION | |
| Accompanying material | илл. |
| 653 ## - INDEX TERM--UNCONTROLLED | |
| Uncontrolled term | Энциклопедический словарь юного филолога(языкознание) |
| 942 ## - ADDED ENTRY ELEMENTS (KOHA) | |
| Koha item type | წიგნი |
არაა ხელმისაწვდომი ეგზემპლარები.
